[Event "Dortmund Gr-B"]
[Site "Dortmund"]
[Date "2004.07.24"]
[Round "3"]
[White "Bologan, Viktor"]
[Black "Kramnik, Vladimir"]
[Result "1/2-1/2"]
[WhiteElo "2663"]
[BlackElo "2770"]
[Annotator "Gershon,A"]
[PlyCount "89"]
[EventDate "2004.07.22"]
[EventType "tourn"]
[EventRounds "6"]
[EventCountry "GER"]
[EventCategory "18"]
[SourceTitle "CBM 102"]
[Source "ChessBase"]
[SourceDate "2004.09.23"]
[SourceVersion "1"]
[SourceVersionDate "2004.09.23"]
[SourceQuality "1"]

1. d4 Nf6 2. c4 e6 3. Nf3 b6 4. g3 Ba6 5. b3 Bb4+ 6. Bd2 Be7 7. Bg2 c6 8. Bc3
d5 9. Ne5 Nfd7 10. Nxd7 Nxd7 11. Nd2 O-O 12. O-O Rc8 13. e4 b5 (13... c5 {
is the main alternative to the game line, leading to forced variations.}) 14.
Re1 bxc4 ({an alternative to the text is:} 14... dxe4 15. Bxe4 bxc4 16. bxc4 c5
17. d5 exd5 18. Bxd5 Nb6 19. Ba5 $14) 15. bxc4 dxc4 {Black has just won a pawn,
and hopes to be able to begin exchanges in the center while white is busy
winning it back. White, on the other hand, has the better placing for his
piceces, and a better pawn structure, unless, of course, black is able to
carry out the c6-c5 break in the right moment. The middlegame plans of both
sides will be based upon those basic lines.} 16. Qa4 $1 {an important move.
Before developing the queen to c2, white drives black bishop to b5 first, so
he will be able to play a4 with a tempo.} Bb5 17. Qc2 Re8 18. a4 Ba6 19. a5
$146 {A new move, according to my database. Rad1 is what's mainly played here
by white. The nature of this move is rather a waiting one: white gives black a
move to play, and react accordingly.} Nf6 $6 (19... Bf8 {seems to be more
flexible than the game.If} 20. Rad1 {the game would have transposed into the
main lines. However, white is not obliged to play Rad1}) 20. Rad1 Bf8 21. Nf3 {
Very much in Viorel's style: the knight goes to the kingside, aiming for black
king.} (21. Nf1 {[%cal Gf1e3] is the more solid and positional approach. The
knight goes to e3, where he can both support the 'd5' pawn (after ...c5 d5),
and put pressure on 'c4'.}) 21... Rb8 {[%cal Gf8b4] preparing Bb4 if the
position is opened up.} 22. Ng5 {with an immediate threat of e4-e5} (22. Ne5 {
is just a shot in the air:} Qc7 {[%cal Gc6c5] the knight is missplaced on e5})
22... Nd7 {admitting the mistake.} (22... h6 23. e5 hxg5 24. exf6 Qxf6 (24...
gxf6 25. Bxc6 Bb7 26. d5 $1 $36 (26. Bxe8 $140 $2 Qd5 27. Bxf7+ Kxf7 28. Qh7+
Bg7 29. Qh5+ Kg8 30. Kf1 Qg2+ 31. Ke2 Qe4+ $11)) 25. d5 e5 26. dxc6 {with a
nice initiative for the pawn.}) 23. h4 h6 24. d5 $5 {White's play is very
inspired.} (24. Nf3 Bb4 $11) 24... hxg5 (24... cxd5 $142 {would be the most
straighforward reaction} 25. exd5 (25. Nxf7 Kxf7 26. exd5 e5 $17) 25... hxg5
26. dxe6 Rxe6 27. Rxe6 fxe6 28. Bc6 Bc8 29. Qe2 $5 (29. hxg5 Qc7 30. Qe4 Nc5
$17) (29. Qa4 gxh4 30. Bxd7 Bxd7 31. Qxd7 (31. Rxd7 Rb1+ $19 {[%cal Gd8a8]})
31... Qxd7 32. Rxd7 Rb3 $19) 29... Qe7 30. hxg5 {[%cal Gg5g6,Ye2h5]} Rb3 (30...
Qf7 31. g6 Qxg6 32. Bxd7 Bxd7 33. Rxd7 {the pawn doesn't matter much here,
whereas White's active pieces ensure his an unpleasant initiative.}) 31. Qxc4 (
31. Bxd7 Bxd7 32. g6 Rxc3 33. Qh5 {is losing to the surprising:} Rxg3+ $1 34.
fxg3 (34. Kh2 Rxg6 $19) 34... Qc5+ $19) 31... Nc5 32. Bb4 Rxb4 33. Qxb4 {
with both sides having their chances.}) 25. dxc6 Re7 26. hxg5 Bb5 {Black
defends tenaciously} (26... Qc7 27. cxd7 Rxd7 28. g6 $1 fxg6 29. Bh3 $36) 27.
e5 {gaining more space, and opening more diagonals for his pieces. White
clearly has the upper hand here.} (27. cxd7 Rxd7 28. Rxd7 Bxd7 29. g6 {is much
less effective now, than after 27...Qc7} fxg6 30. e5 Bc5 $132 {[%cal Gd8f8,
Gf8f5]}) 27... Qe8 {black must do something about the pin, even in a cost of a
tempo.} 28. cxd7 $6 ({much more energetic was:} 28. Bb4 $1 Bxc6 $8 (28... Nxe5
29. Bxe7 (29. Rxe5 Rc7 30. Bxf8 Kxf8 31. Qh7 $16) 29... Nd3 30. Bxf8 Nxe1 31.
Rxe1 Kxf8 (31... Qxf8 32. g6 $16) 32. Qh7 $16) 29. Bxe7 Bxg2 30. Bxf8 Bf3 31.
Bd6 Bxd1 32. Rxd1 Rb5 33. Qxc4 Rxa5 34. Qc6 $16) 28... Rxd7 29. Rxd7 Bxd7 30.
g6 {Thanks to this move, white still keeps the edge, after ruining black's
pawn stracture.} fxg6 31. Bd4 {[%csl Ra7]} Rc8 (31... a6 32. Qxc4) (31... Rb5
32. Qxc4 Rxa5 33. Qc7 $16) 32. Bxa7 {White's 'a' pawn is much more dangerous
than Black's 'c' pawn, since it's supported by a pair of strong bishops, and
black has worries on the kingside as well.} Ba4 33. Qc3 Qb5 {[%cal Gf8b4]} 34.
Bh3 {a tempting move, but White shouldn't have removed the bishop from its
fantastic position on the long diagonal.} (34. Ra1 Bb4 35. Qd4 Qxa5 36. Qg4 $1
$36 {[%csl Re6,Rg6,Rg7]}) 34... Qd5 35. Bg2 Qd3 $1 {of course, Kramnik does
not give his opponent another chance.} 36. Qa1 $2 {I suspect white was
experiencing some time pressure.} (36. Qd4 $1 $16 {[%cal Gd4g4] and white has
a clear edge}) 36... Bc6 {Now Black exchages the light squared bishops, both
reducing the potential of the passed 'a' pawn, and making it harder for White
to attack the weaknesses on kingside.} 37. Bxc6 Rxc6 38. Be3 c3 39. Qa4 Qa6 $1
{not a trivial move, driving the queen away from such an active position.
However, there was no other satisfying way to stop the 'a' pawn:} (39... Ra6
40. Bb6 $1 {[%csl Ra6]}) (39... Rc4 40. Qe8) (39... Rc8 40. a6) 40. Rc1 Rc4 $1
{Finally, black's problems seem to be over.} 41. Qe8 c2 42. Qxg6 Qc6 {[%cal
Gf8a3]} 43. a6 Qxa6 44. Rxc2 Qa1+ $6 {Allowing white another shot to play for
a win} (44... Rxc2 45. Qxc2 Qa1+ {is an immedite draw.}) 45. Kg2 $6 (45. Kh2 $1
Rxc2 46. Qxe6+ Kh8 47. Qf5 Qa2 48. Qxf8+ {with a slight edge for white, with
no risk.}) 1/2-1/2

[Event "Moscow Aeroflot op"]
[Site "Moscow"]
[Date "2002.02.07"]
[Round "4"]
[White "Tregubov, Pavel V"]
[Black "Kulaots, Kaido"]
[Result "1-0"]
[WhiteElo "2626"]
[BlackElo "2531"]
[Annotator "Gershon,A"]
[PlyCount "113"]
[EventDate "2002.02.04"]
[EventType "swiss"]
[EventRounds "9"]
[EventCountry "RUS"]
[SourceTitle "CBM 088"]
[Source "ChessBase"]
[SourceDate "2002.03.21"]
[SourceVersion "1"]
[SourceVersionDate "2002.03.21"]
[SourceQuality "1"]

1. d4 Nf6 2. c4 e6 3. Nf3 b6 4. g3 Ba6 5. Nbd2 c5 6. e4 cxd4 7. e5 Ng4 8. h3
Nh6 9. Bg2 {Tregubov like to play this opening every now and then.Objectively
black can hold, but has to play very precisely.} Nc6 10. O-O Nf5 (10... Be7 11.
a3 O-O 12. b4 Bb7 13. Ne4 Nxb4 $2 (13... Nf5 $5) 14. Nf6+ Bxf6 15. exf6 Nc6 16.
Bg5 Qc7 17. Bxh6 (17. fxg7 Kxg7 18. Bxh6+ Kxh6 19. Qd2+ Kg7 20. Qg5+ Kh8 21.
Qf6+ $11) 17... gxh6 18. Qd2 Kh8 19. Qxh6 Rg8 20. Ng5 Rxg5 21. Be4 Rxg3+ 22.
fxg3 Qxg3+ 23. Kh1 {1-0 Hellsten,J-Astrom,R/Ronneby 1998/EXT 99 (23)}) 11. a3 (
11. Qa4 Bb7 12. Ne4 Na5 $5 (12... h5 $143 $6 13. a3 Be7 14. Re1 Kf8 15. Bf4 f6
16. h4 Nh6 17. exf6 gxf6 18. Nd6 $16 {1-0 Maki Uuro,M-Lassila,E/Helsinki 1996/
EXT 98 (47)}) 13. Qc2 Rc8 14. b3 Bc5 15. Bf4 O-O 16. g4 Ne7 17. h4 $6 {A bit
too optimistic} Ng6 $1 18. Bg5 Be7 19. Nd6 Bxf3 20. Bxe7 Qxe7 21. Nxc8 Rxc8 22.
Bxf3 Nxe5 $17 {[%csl Rg1,Rg4,Rh4] 0-1 Hellsten,J-Shipov,S/Gistrup 1997/EXT 98 
(45)}) 11... Be7 (11... Rc8 $6 12. Re1 (12. b4 Bb7 13. Ne4 $2 Nxb4 $1 $17)
12... Be7 13. b4 Bb7 14. Ne4 $1 h5 15. Bf4 $16 {1-0 Nepomnishay,M-Geller,E/St
Petersburg 1994/CBM 41/[Dautov] (24)}) (11... Qc7 12. b4 Bb7 13. Ne4 h5 14. Bf4
a5 15. b5 Nd8 16. Nxd4 Qxc4 17. Nxf5 exf5 18. Rc1 Qe6 19. Ng5 $16 {
Sherbakov-Galliamova/Cheliabinsk/1989}) 12. b4 Bb7 13. g4 (13. Ne4 d5 (13...
O-O 14. g4 d5 (14... Nh4 15. Nxh4 Bxh4 16. Nd6 $16) 15. cxd5 (15. exd6 $6 Nxd6
16. Nxd6 Qxd6 17. Nxd4 Rfd8 $15) (15. gxf5 $2 dxe4 16. f6 gxf6 17. Bh6 exf3 18.
Qxf3 Kh8 19. exf6 Bd6 20. Bxf8 Qxf8 $19 {[%cal Gc6d8]}) 15... exd5 16. Ned2 (
16. Neg5 Nh4 $1 $15) 16... Nh4 17. b5 Na5 18. Nxh4 Bxh4 19. Nf3 Be7 20. Nxd4
$13) (13... Rc8 14. g4 d5 {Same as 13..0-0}) (13... Qc7 14. g4 d5 15. cxd5 exd5
16. Neg5 $44) 14. cxd5 Qxd5 (14... exd5 15. Ned2 a6 $1 {Preventing b4-b5, thus
making it more difficult for white to win the pawn back} 16. Nb3 Rc8 (16... O-O
17. g4) 17. Bb2 (17. g4 Nh4 18. Nxh4 Bxh4 19. Nxd4 Nxd4 20. Qxd4 Rc4 $36) 17...
O-O 18. g4 Nh4 19. Nxh4 Bxh4 $13) 15. Re1 d3 16. Bb2 $44) 13... Nh4 14. Nxh4
Bxh4 15. Ne4 Be7 16. Bg5 O-O 17. Bxe7 Nxe7 18. Qxd4 Bxe4 (18... Ng6 19. f4 Nh4
(19... Qc7 $10 {Grivas-Aseev/Leningrad/1989}) 20. Bh1 Bxe4 21. Bxe4 Rc8 22.
Rac1 f5 23. exf6 Rxf6 24. Qe5 Ng6 $11 {1/2-1/2 Cramling,P-Chiburdanidze,M/
Belgrade 1998/CBM 63 ext (34)}) 19. Bxe4 Rc8 20. Rad1 $146 (20. f4 Qc7 21. Rac1
f5 22. exf6 Rxf6 23. c5 Rcf8 24. Qd6 Qxd6 25. cxd6 Nd5 26. f5 Ne3 27. Rf3 exf5
28. gxf5 Nxf5 $11 {1/2-1/2 Tregubov,P-Gershon,A/Ohrid 2001/CBM 84 (40)}) 20...
Rc7 (20... f5 21. exf6 Rxf6 22. Qxd7 Qxd7 23. Rxd7 Rxc4 24. Re1 Ng6 25. Bxg6
hxg6 26. Rxa7 Rc2 27. Rf1 e5 28. Re7 Ra2 29. Rxe5 Rxa3 30. Kg2 $16) (20... Ng6
21. Bxg6 hxg6 22. Qxd7 Qh4 23. Qd3 Rfd8 24. Qb3 $16) (20... Nc6 21. Bxc6 dxc6
22. Qxd8 Rfxd8 23. Rd6 Rxd6 24. exd6 c5 25. Rd1 Kf8 26. f4 Rd8 27. b5 f6 $11)
21. f4 f6 22. exf6 Rxf6 23. Bc2 $1 {transferring the B to another diagonal.
From b3 it will be guarding the 'c' pawn and always ready to join the attck}
Qc8 24. Bb3 Kh8 25. Qe4 Ng6 26. Rf2 Qf8 27. Rdf1 Qd6 $2 {Missing an
opportunity to simplify!} (27... d5 $1 28. cxd5 Rc3 29. Bc4 (29. Rf3 Rxf3 30.
Rxf3 exd5 31. Bxd5 Rxf4 32. Rxf4 Nxf4 $11) 29... exd5 30. Bxd5 Rxh3 31. f5 Nh4
$40) 28. Bc2 {[%cal Gf4f5]} Qc6 {Black cannot tolerate white queen anymore!}
29. Qxc6 Rxc6 30. g5 $1 Rf7 31. f5 exf5 (31... Ne5 {loses on the spot, due to
a mate threat} 32. fxe6 Rxf2 33. Rxf2 {[%cal Gf2f8]} Rc8 34. e7 Kg8 {[%cal
Gc8e8,Ge5c6]} 35. Bxh7+ $1 Kxh7 36. Rf8 $18) 32. Be4 $1 {the point! 'c4' pawn
is untouchable} Rc8 (32... Rxc4 33. Bd5 {[%csl Yc4,Yf7][%cal Gd5f7,Gd5c4]}) 33.
Bd5 Rff8 34. Rxf5 Rxf5 35. Rxf5 $16 {[%csl Rd7] white pieces are dominating!
Black's next move is forced, as white's threatening Rf7 now. However, the
arising N vs B endgame is very unpleasant for black as he cannot free his
pieces!} Rf8 (35... Ne7 36. Rf7 Nxd5 37. cxd5 {[%cal Gf7a7,Gf7f8] and, again,
the last rank decides.} Rd8 38. h4 Kg8 39. Re7 Kf8 40. d6 $18) 36. Rxf8+ Nxf8
37. Kf2 h6 (37... Ng6 38. Kg3 Ne7 39. Kf4 {is losing for black}) (37... g6 {
wouldn't solve black's problems. as he cannot move any of his pieces now.
Thanks to white's ability to create a passed pawn on the Q side, any pawn
endgames arising after ...Ne6 BxN is lost for black} 38. Ke3) 38. Kf3 $1 ({
of course not} 38. gxh6 gxh6 39. Kf3 Kg7 40. Kf4 Kf6 {and black holds}) 38...
hxg5 39. Kg4 g6 (39... Ng6 40. Kxg5 Ne5 41. Kf5 Nd3 42. Be4 Nf2 43. h4 $1 (43.
Bc2 {is nice, but leads only to a draw} Nxh3 44. Ke5 g5 45. Bf5 Nf2 46. c5 bxc5
47. bxc5 g4) {a race of kings is won by white after:} 43... Nxe4 44. Kxe4 Kh7
45. Kd5 Kh6 46. Kd6 Kh5 47. Kxd7 Kxh4 48. c5 {winning}) 40. Kxg5 Kg7 {black is
still unable to untie his pieces.} 41. h4 Nh7+ 42. Kf4 Kf6 43. Bg8 Nf8 44. c5
bxc5 45. bxc5 Kg7 (45... Ne6+ 46. Bxe6 dxe6 (46... Kxe6 47. Ke4 a6 48. a4 a5
49. Kd4 $22 d6 (49... d5 50. c6 Kd6 51. c7 Kxc7 52. Kxd5 Kd7 53. Kc5 $18) 50.
c6 $18) 47. c6 Ke7 48. Ke5 $18) 46. Bc4 Kf6 47. Bb3 Nh7 48. Bg8 Nf8 {same
position as on move 45, only now it's white's turn to play.} 49. Ke4 {[%cal
Ge4d5,Gd5d6]} Kg7 (49... Ke7 50. Kd5 {would be a zugswang}) 50. Bc4 Kf6 51. Kd5
Ke7 52. Ke5 Nh7 53. Ba2 a5 54. Bc4 Nf6 (54... Nf8 55. Bg8 a4 56. Bc4 {[%csl
Ra4,Rg6]}) 55. Bd3 Ng4+ 56. Kf4 Nf6 57. Bxg6 {This game shows why the bishop
is considered to be better than a knight in endgames with pawns on both flanks.
} 1-0

[Event "ARM-ROW m"]
[Site "Moscow"]
[Date "2004.06.12"]
[Round "3"]
[White "Van Wely, Loek"]
[Black "Leko, Peter"]
[Result "0-1"]
[WhiteElo "2651"]
[BlackElo "2741"]
[Annotator "Gershon,A"]
[PlyCount "44"]
[EventDate "2004.06.10"]
[EventType "team"]
[EventRounds "6"]
[EventCountry "RUS"]
[SourceTitle "CBM 102"]
[Source "ChessBase"]
[SourceDate "2004.09.23"]
[SourceVersion "1"]
[SourceVersionDate "2004.09.23"]
[SourceQuality "1"]
[WhiteTeam "Rest of the World"]
[BlackTeam "Armenia"]
[BlackTeamCountry "ARM"]

1. d4 Nf6 2. c4 e6 3. Nf3 b6 4. g3 Ba6 5. Qb3 Bb7 6. Nc3 (6. Bg2 c5 7. d5 {
Is more promissing for white.} exd5 8. Nh4 g6 9. cxd5 d6 10. O-O Bg7 11. Qe3+
Qe7 12. Qxe7+ Kxe7 13. Nc3 a6 14. e4 $16 {Huzman - Pikula, 2002}) 6... Nc6 7.
Qd1 $6 {A curious way to fight for opening advantage.} ({I prefer} 7. e4) 7...
Bb4 {The initiative is clearly on the Black side now} 8. Qd3 {4 out of the
first 8 moves White spent on moving his Q around.} d5 9. cxd5 Qxd5 {Black is
two tempi up compared to normal Nimzo positions.} 10. Bd2 $6 (10. a3 {Is
refuted by} Ne5 $1 (10... Bxc3+ 11. bxc3 {enforcing the center}) 11. dxe5 (11.
Nxe5 Bxc3+ 12. Qxc3 Qxh1 $19) 11... Qxd3 12. exd3 Bxc3+ 13. bxc3 Bxf3 14. Rg1 (
14. exf6 Bxh1 15. fxg7 Rg8 16. Bh6 c5 $1 $17) 14... Ng4 $17 {but perhaps it
was the lesser evil.}) (10. Bg2 {Of course not:} Nxd4 $1 $19) 10... Qh5 11. Bg2
O-O-O $1 {Leko's exploiting his development advantage. He's not wasting time
and start attacking white's central pawn while finishing his develompent. Nxd4
is a threat now. Black's game unfold very naturally now.} 12. O-O e5 {[%csl
Rd3][%cal Gd8d3,Yb4c3,Ye5e4] After so many moves with the queen, it ended up
is the most unfortunate position.} 13. Rac1 (13. e3 {is more tenacious} Bc5 $17
) 13... Nxd4 14. Nb5 {Desparation, White's trying to create complications in a
lost position.} (14. Nxd4 Rxd4 15. Qc2 Bxg2 16. Kxg2 {[%cal Gc3b5]} Qg6 $1 $19
{the most precise.}) 14... Nxb5 15. Qxb5 Bxd2 {Leko calculates accurately,
that white's compensation consists of a few checks only.} 16. Nxd2 Bxg2 17.
Kxg2 Rxd2 18. Qa6+ Kb8 19. Rxc7 {A thematic sacrifice, but there's one problem
to it here.... White has no pieces left to mate Black king} Kxc7 20. Qxa7+ Kd6
21. Qxb6+ Ke7 22. Rc1 (22. Qb4+ Rd6 23. Rd1 Rhd8 $19) 22... Rhd8 0-1